El trabajo cultural en Colombia / (Registro nro. 31041)
[ vista simple ]
| 000 -LEADER | |
|---|---|
| fixed length control field | 00932nam a22002417a 4500 |
| 003 - CONTROL NUMBER IDENTIFIER | |
| control field | OSt |
| 005 - DATE AND TIME OF LATEST TRANSACTION | |
| control field | 20250709154913.0 |
| 008 - FIXED-LENGTH DATA ELEMENTS--GENERAL INFORMATION | |
| fixed length control field | 250709b |||||||| |||| 00| 0 spa d |
| 020 ## - INTERNATIONAL STANDARD BOOK NUMBER | |
| International Standard Book Number | 9581801510 |
| 037 ## - SOURCE OF ACQUISITION | |
| Source of stock number/acquisition | Donación |
| 040 ## - CATALOGING SOURCE | |
| Original cataloging agency | CO-JMCR |
| Language of cataloging | spa |
| Transcribing agency | CO-JMCR |
| Modifying agency | CO-JMCR |
| Description conventions | rda |
| 041 0# - LANGUAGE CODE | |
| Language code of text/sound track or separate title | spa |
| 082 04 - DEWEY DECIMAL CLASSIFICATION NUMBER | |
| Classification number | 301.298 |
| Item number | C71t |
| Edition number | 23 |
| 110 1# - MAIN ENTRY--CORPORATE NAME | |
| Corporate name or jurisdiction name as entry element | Colombia. |
| Subordinate unit | Presidencia de la República. |
| 9 (RLIN) | 2972 |
| 245 13 - TITLE STATEMENT | |
| Title | El trabajo cultural en Colombia / |
| Statement of responsibility, etc. | Presidencia de la República ; editora Doris Yaneth Gómez Liévano ; asesor cultural Juan Gustavo Cobo Borda. |
| 250 ## - EDITION STATEMENT | |
| Edition statement | Doris Yaneth Gómez Liévano coordinación editorial. |
| 260 ## - PUBLICATION, DISTRIBUTION, ETC. | |
| Place of publication, distribution, etc. | Santa Fe Bogotá : |
| Name of publisher, distributor, etc. | Presidencia de la República, |
| Date of publication, distribution, etc. | 1996. |
| 300 ## - PHYSICAL DESCRIPTION | |
| Extent | 481 páginas : |
| Dimensions | 25 cm. |
| 700 1# - ADDED ENTRY--PERSONAL NAME | |
| Personal name | Gómez Liévano, Doris Yaneth, |
| Relator term | editora |
| 9 (RLIN) | 44218 |
| 700 1# - ADDED ENTRY--PERSONAL NAME | |
| Personal name | Cobo Borda, Juan Gustavo, |
| Dates associated with a name | 1948-2022. |
| Relator term | asesor cultural |
| 9 (RLIN) | 44219 |
| 740 02 - ADDED ENTRY--UNCONTROLLED RELATED/ANALYTICAL TITLE | |
| Uncontrolled related/analytical title | Ley general de la cultura. |
| 942 ## - ADDED ENTRY ELEMENTS (KOHA) | |
| Source of classification or shelving scheme | Dewey Decimal Classification |
| Koha item type | Books |
| Withdrawn status | Lost status | Source of classification or shelving scheme | Damaged status | Not for loan | Collection code | Home library | Current library | Shelving location | Date acquired | Source of acquisition | Total Checkouts | Full call number | Barcode | Date last seen | Copy number | Price effective from | Koha item type |
|---|---|---|---|---|---|---|---|---|---|---|---|---|---|---|---|---|---|
| Dewey Decimal Classification | Non-fiction | Biblioteca Pública José María del Castillo y Rada | Biblioteca Pública José María del Castillo y Rada | Book Cart | 05/12/2025 | Donación | 301.298 C71t | 201812672 | 07/09/2025 | Ej.1 | 07/09/2025 | Books |